| 000 -LEADER |
| fixed length control field |
00963cam a2200265 a 4500 |
| 005 - DATE AND TIME OF LATEST TRANSACTION |
| control field |
20131115084202.0 |
| 008 - FIXED-LENGTH DATA ELEMENTS--GENERAL INFORMATION |
| fixed length control field |
020412s2002 nyu b 001 0 eng |
| 020 ## - INTERNATIONAL STANDARD BOOK NUMBER |
| International Standard Book Number |
0521817749 ( |
| 020 ## - INTERNATIONAL STANDARD BOOK NUMBER |
| International Standard Book Number |
0521520932 |
| 041 0# - LANGUAGE CODE |
| Language code of text/sound track or separate title |
eng |
| 080 ## - UNIVERSAL DECIMAL CLASSIFICATION NUMBER |
| Universal Decimal Classification number |
341 |
| Common auxiliary subdivision |
(094.2) |
| 100 1# - Rafti |
| Rafti |
Klabbers, Jan. |
| 245 13 - TITLE STATEMENT |
| Title |
An introduction to international institutional law / |
| Statement of responsibility, etc |
Jan Klabbers. |
| 260 ## - |
| -- |
New York : |
| -- |
Cambridge University Press, |
| -- |
c2002. |
| 300 ## - |
| -- |
399 f. ; |
| -- |
24 cm. |
| 500 ## - |
| -- |
Preface : f. XIII-XV |
| 504 ## - BIBLIOGRAPHY, ETC. NOTE |
| Bibliography, etc |
Includes bibliographical references and index. |
| 504 ## - BIBLIOGRAPHY, ETC. NOTE |
| Bibliography, etc |
Biblography : f. 345-372 |
| 650 #0 - |
| -- |
Institucionet |
| 650 #0 - |
| -- |
E drejta ndërkombëtare |
| 856 41 - |
| -- |
Sample text |
| -- |
http://www.loc.gov/catdir/samples/cam033/2002067359.html |
| 856 42 - |
| -- |
Publisher description |
| -- |
http://www.loc.gov/catdir/description/cam022/2002067359.html |
| 856 41 - |
| -- |
Table of contents |
| -- |
http://www.loc.gov/catdir/toc/cam021/2002067359.html |
| 942 ## - ADDED ENTRY ELEMENTS (KOHA) |
| Source of classification or shelving scheme |
|
| Item type |
Books |